| 000 | 00487cam a2200181ua 4500 | ||
|---|---|---|---|
| 020 | _c60.00 | ||
| 041 |
_aeng _h |
||
| 082 |
_a551.49 _bNEF/DE |
||
| 100 | _aNefedov, K E . | ||
| 245 |
_aDeciphering of groundwater from aerial photographs / _cK E Nefedov. _hTextual Documents |
||
| 250 |
_a1 / _b. |
||
| 260 |
_aNew Delhi : _bAmerind Publishing Co Pvt Ltd , _c1972. |
||
| 300 | _a191 ; . | ||
| 365 | _a60.00 | ||
| 700 | 1 | _aPopova, T A . | |
| 942 | _cBK | ||
| 999 |
_c9776 _d9776 |
||